Konštrukčné cvičenia III z pozemného staviteľstva

Salvato in:
Dettagli Bibliografici
Autori principali: Rambousek, František (Autore), Vereš, Juraj (Autore)
Natura: Libro
Lingua:slovacco
Pubblicazione: Bratislava : Alfa, 1989
Edizione:1. vyd.
Tags: Aggiungi Tag
Nessun Tag, puoi essere il primo ad aggiungerne!!

MARC

LEADER 00000nam a22000003a 4500
001 stu11831
005 20150617225700.2
008 951003s1989----cs------------------slo-d
040 |a STU  |b slo 
041 0 |a slo 
044 |a cs 
100 1 |a Rambousek, František  |4 aut 
245 1 |a Konštrukčné cvičenia III z pozemného staviteľstva 
250 |a 1. vyd. 
260 |a Bratislava :  |b Alfa,  |c 1989 
300 |a 285 s 
700 1 |a Vereš, Juraj  |4 aut 
996 |b 284AS02235  |c A*896 S  |l AAKNST  |s P  |a 0  |w stu11831_0001